000 00692nam a22001817a 4500
005 20180503110251.0
010 _aENG-122701
020 _a9788123425399
_c310.00
035 _aEN-106233
037 _bDBAD/PUB.
082 _a371.207
100 _aGanesan V.
245 _aFrom an ordinary school to an extra-ordinary school of name and fame : /
_cby V. Ganesan
_b(366 days of inspirational tips to make your school the most sought after status.) /
260 _aChennai
_bNew Century Book House (P) Ltd.
_c2013
270 _a41-B, SIDCO Industrial Estate, Ambattur,
_bChennai
_e600098
_k26359906
300 _a408p.
_c21cm.(pbk)
_bill.
942 _2ddc
_cEN
_mGAN
_h371.207
999 _c151461
_d151461